|
|
|
|
| LEADER |
00000nam0a2200000 4500 |
| 001 |
332805 |
| 005 |
20231102004507.0 |
| 020 |
|
|
|a RU
|
| 035 |
|
|
|a (RuTPU)RU\TPU\book\358778
|
| 035 |
|
|
|a RU\TPU\book\320907
|
| 090 |
|
|
|a 332805
|
| 100 |
|
|
|a 20170531d1980 k y0rusy5003 ca
|
| 101 |
0 |
|
|a rus
|
| 102 |
|
|
|a RU
|
| 105 |
|
|
|a a z 001zy
|
| 200 |
1 |
|
|a Ведение ГВК и методы автоматизированной обработки гидрологической информации
|e [сборник трудов]
|f Государственный гидрологический институт (ГГИ) ; под ред. Р. Д. Курдина
|
| 210 |
|
|
|a Ленинград
|c Гидрометеоиздат
|d 1980
|
| 215 |
|
|
|a 114 с.
|c ил.
|
| 225 |
1 |
|
|a Труды Государственного гидрологического института
|v Вып. 262
|
| 320 |
|
|
|a Библиография в конце статей
|
| 606 |
1 |
|
|a Гидрологические наблюдения
|2 stltpush
|3 (RuTPU)RU\TPU\subj\66650
|9 82701
|
| 610 |
1 |
|
|a гидрологическая информация
|
| 610 |
1 |
|
|a стоки
|
| 610 |
1 |
|
|a водный баланс
|
| 610 |
1 |
|
|a государственный водный кадастр
|
| 610 |
1 |
|
|a вода
|
| 610 |
1 |
|
|a оптимизация
|
| 610 |
1 |
|
|a автоматизированная обработка
|
| 675 |
|
|
|a 556.04
|z rus
|v 3
|
| 702 |
|
1 |
|a Курдин
|b Р. Д.
|4 340
|
| 712 |
0 |
2 |
|a Государственный гидрологический институт (ГГИ)
|c (Санкт-Петербург)
|2 stltpush
|3 (RuTPU)RU\TPU\col\7764
|
| 801 |
|
0 |
|a RU
|b 63413507
|c 19950704
|g psbo
|
| 801 |
|
1 |
|a RU
|b 63413507
|c 20150526
|
| 801 |
|
2 |
|a RU
|b 63413507
|c 20170601
|g RCR
|
| 942 |
|
|
|c BK
|